Zilahi olimpikon - seregszemle. Díjak
Elmentve itt :
| Szerző: | |
|---|---|
| Adatforrás: | Meister |
| Forrásdokumentuma: | Helikon. - 9 sz., 1992, 1; 6 p. |
| Nyelv: | magyar |
| Kulcsszavak: | művelődési élet magyar oktatás (romániai) oktatás Zilah Mikes Kelemen Magyar Nyelv és Irodalom Verseny |
| LEADER | 00494nab a2200169 i 4500 | ||
|---|---|---|---|
| 001 | bibPRO00009433 | ||
| 008 | 060524s1992 xx hun | ||
| 040 | |a Sz1 | ||
| 041 | |a hun | ||
| 100 | 1 | |a SZILÁGYI István | |
| 245 | 1 | 0 | |a Zilahi olimpikon - seregszemle. Díjak |c SZILÁGYI István |
| 695 | |a művelődési élet | ||
| 695 | |a magyar oktatás (romániai) | ||
| 695 | |a oktatás | ||
| 695 | |a Zilah | ||
| 695 | |a Mikes Kelemen Magyar Nyelv és Irodalom Verseny | ||
| 773 | 0 | |t Helikon. - |g 9 sz., 1992, 1; 6 p. | |